Prueba de Geografía e Historia #5 - Estadísticas

Estadísticas generales
  • Esta prueba ha sido intentada 286 veces
  • La puntuación promedio es 9 de 15
Estadísticas de respuestas
Hint Respuesta % Correcto
País ubicado en los Pirineos Andorra
93%
Argelia fue colonizada por Francia
90%
Petra se ubica en Jordania
87%
Se independizó de Serbia en 2008 Kosovo
82%
Península "disputada" entre Ucrania y Rusia Crimea
76%
Capital de Afganistán Kabul
75%
Región canadiense con fuerte influencia francesa Quebec
66%
Isla situada en el sur de Australia Tasmania
65%
Cagliari se situa en la isla de Cerdeña
64%
Esta capital se encuentra en la frontera con Austria Bratislava
50%
Timbu es la capital de Bután
48%
Considerado el primer país cristiano del mundo Armenia
31%
De esta ciudad española nacioneron empreadors romanos Mérida
28%
Este lago africano da nombre a un país Malawi
24%
Granada estuvo dominado por Los Moros
13%
No se encontraron pruebas coincidentes
Distribución de puntuación
Porcentaje de gente con cada puntuación
Porcentaje por número respondido
Historial de tus puntuaciones
No has intentado esta prueba.